|
|
|
|
| LEADER |
00610cam a2200205 7i4500 |
| 001 |
0000039810 |
| 005 |
20151104090000.0 |
| 005 |
##20151104150900.0 |
| 003 |
##MY-KlINT |
| 020 |
# |
# |
|a 9789673220335
|
| 039 |
# |
9 |
|y 201511041509
|z VLOAD
|
| 090 |
0 |
0 |
|a 297.18
|b BAH
|
| 100 |
1 |
# |
|a Bahjat, Ahmad
|
| 245 |
0 |
0 |
|a Kisah-kisah haiwan dalam Al-Quran /
|c Ahmad Bahjat ; [penyunting : Juhan Che Yaman] ; [penterjemah].
|
| 250 |
# |
# |
|a [Ed. bahasa Malaysia].
|
| 260 |
# |
# |
|a Kuala Lumpur:
|b Synergy Media,
|c 2008.
|
| 300 |
# |
# |
|a 137ms:
|b il;
|c 26cm.
|
| 490 |
0 |
# |
|a Siri Nur Islam
|
| 650 |
# |
0 |
|a Islamic stories, Malay
|
| 700 |
0 |
# |
|a Juhan Che Yaman
|